Mountain Dew By Flavour - Statistics

General Stats
  • This quiz has been taken 21 times
  • The average score is 16 of 59
Answer Stats
Hint Answer % Correct
Cherry Code Red
90%
Tropical Lime Baja Blast
85%
Citrus Original
80%
Orange Live Wire
70%
Watermelon Major Melon
65%
Blue Raspberry Voltage
65%
Raspberry Lemonade Spark
50%
Grape Pitch Black
45%
Smooth Citrus White Out
45%
Pineapple Maui Burst
40%
Blackberry Plum Purple Thunder
40%
Heat & Citrus Flamin Hot
35%
Pineapple 2 Baja Gold
30%
Blue Raspberry & Blackberry Dark Berry Bash
30%
Cool Melon Frostbite
30%
Pineapple Strawberry Infinite Swirl
30%
Strawberry Melon Supernova
30%
Sweet Peach Sweet Lightning
30%
Crisp Green Apple Thrashed Apple
30%
Cake Cake Smash
25%
Cherry, Citrus, Blue Raspberry DewSA
25%
Gingerbread Ginger Bread Snapd
25%
Strawberry Goji Citrus Strawberry
25%
Blackberry Ginger Legend
25%
Citrus Punch (Raspberry-Lime-Mango) Overdrive
25%
Cherry Lemon Raspberry (Bomb Pop) Summer Freeze
25%
Strawberry Pineapple Typhoon
25%
Lemonade Vibe
25%
Pineapple Coconut Baja Flash
20%
Passionfruit Baja Passionfruit Punch
20%
Fruit Cake Fruit Quake
20%
Berry (50 Flavours Mixed) Liberty Brew
20%
Wild Berry Fruit Revolution
20%
Tropical Punch 2 Solar Flare
20%
Tropical Punch Southern Shock
20%
Candy Corn Voodew 2019
20%
Fruit Candy Voodew 2020
20%
Fruit Candy Chews Voodew 2021
20%
Sour Candy Voodew 2022
20%
Cherry Airhead Voodew 2023
20%
Pink Fruit Candy Voodew 2024
20%
Electric Lemonade Atomic Blue
15%
Guava Baja Caribbean Splash
15%
Sweet Grape Baja Deep Dive
15%
Mango Lemonade Baja Laguna Lemonade
15%
Tropical Punch (Raspberry-Pineapple-Cherry) Baja Point Break Punch
15%
Berry Lime Berry Monsoon
15%
Citrus Punch Cyclone
15%
Zesty Sweet Peach Lemonade Freedom Fusion
15%
Citrus Punch Sangrita Blast
15%
Berry Kiwi Uproar
15%
Mango Baja Mango Gem
10%
Lime Distortion
10%
Sour Lemonade Electric Charge
10%
Citrus Cherry Holiday Brew
10%
Cranberry Pommegranate Merry Mash Up
10%
Sour Grape Pitch Black 2
10%
Redberry (Raspberry-Strawberry) Star Spangled
10%
Cherry Lime Cold Fusion
5%
No matching quizzes found
Score Distribution
Percent of People with Each Score
Percentile by Number Answered
Your Score History
You have not taken this quiz